000 01058nam a22003497a 4500
001 0041080
003 KOHA_MİRAKIL
005 20260207003224.0
007 ta
008 130730b2011 tu |||gr||||#0|||0|tur |
020 _a9789754378702
040 _aTR-BiSEU
_btur
_cTR-BiSEU
_erda
041 0 _atur
044 _ctu
050 _aDR438.1
_b.Y55 2011
100 1 _aYılmaz, Muammer.
245 1 _aCem Sultan/
_cMuammer Yılmaz ; Muammer Yılmaz.
264 1 _aİstanbul :
_bÖtüken
_c2011
300 _a127 sayfa ;
_c20 cm.
336 _ametin
_btxt
_2rdacontent
337 _aaracısız
_bn
_2rdamedia
338 _acilt
_bnc
_2rdacarrier
490 1 _aYayın nu ;908.
490 1 _aKültür serisi ;477
500 _aKaynakça var.
650 0 _aCem, Prince, son of Mehmed II, Sultan of the Turks, 1459-1495.
_922169
650 0 _aPrens Cem sultan, II. Mehmed'in oğlu, Türklerin sultanı, 1459-1495.
_976204
830 1 _aYayın nu ;908.
_976205
830 1 _aKültür serisi ;477
_976206
907 _aTarih
942 _2lcc
_cBK
999 _c40941
_d40941